000 00669nam a2200289Ia 4500
005 20260324123801.0
008 008 260324s9999 xx 000 0 eng d
020 _a9780429150142
037 _aEBOOK
040 _aCRL
040 _beng
040 _cCRL
041 _2eng
041 _aeng
084 _qCRL
100 _aMohamad Y. Jaber
_91171636
245 0 _aLearning Curves
245 0 _bTheory, Models, and Applications
260 _bTaylor and Francis
260 _c2011
365 _a
365 _b340
856 _uhttp://www.taylorfrancis.com/books/9780429150142
942 _cEBOOK
999 _c1765456
_d1765456